Motores diesel
Saved in:
| Hovedforfatter: | |
|---|---|
| Format: | Bog |
| Sprog: | spansk |
| Udgivet: |
Barcelona
Gustavo Gili
1959
|
| Udgivelse: | 4a. ed |
| Fag: | |
| Tags: |
Tilføj Tag
Ingen Tags, Vær først til at tagge denne postø!
|
MARC
| LEADER | 00000nam a2200000 a 4500 | ||
|---|---|---|---|
| 001 | UCP1553 | ||
| 003 | CL-VaPUC | ||
| 008 | 990416e19590000SP |||||||||||||||||spa|d | ||
| 082 | 0 | 4 | |a 621.436 |b ADA |2 21 |
| 100 | 0 | |a Adams, Orville |e author |9 427655 | |
| 245 | 1 | 0 | |a Motores diesel |
| 250 | |a 4a. ed | ||
| 300 | |a 596 p | ||
| 942 | |c BK | ||
| 945 | |d 19990416 00:00:00 |a cmena | ||
| 260 | |a Barcelona |b Gustavo Gili |c 1959 | ||
| 650 | 0 | |a Motores |9 334293 | |
| 650 | 0 | |a Motores Diésel |9 271572 | |
| 650 | 7 | |a INYECTORES |2 CL-VaPUC |9 427356 | |
| 650 | 7 | |a BOMBAS |2 CL-VaPUC |9 259418 | |
| 650 | 0 | |a Combustibles |9 271720 | |
| 583 | |a last modification |c 19990416 00:00:00 |k Rodrigo Vera | ||
| 999 | |c 280221 |d 280219 | ||